[Event "Titled Tue 24th Jun Early"]
[Site "chess.com INT"]
[Date "2025.06.24"]
[Round "10"]
[White "Zdorov, Egor Vit"]
[Black "Hernandez Leon, Sergio"]
[Result "1-0"]
[WhiteTitle "CM"]
[BlackTitle "CM"]
[WhiteElo "2101"]
[BlackElo "2102"]
[WhiteFideId "55688560"]
[BlackFideId "2285622"]
[EventDate "2025.06.24"]

1. d4 Nf6 2. c4 e6 3. Nc3 d5 4. cxd5 exd5 5. Bg5 Be7 6. e3 O-O 7. Bd3 h6 8. Bh4
c6 9. Qc2 Re8 10. Nge2 Nh5 11. Bxe7 Qxe7 12. O-O Nf6 13. Rae1 Nbd7 14. Ng3 Nf8
15. f3 Ne6 16. Nf5 Qd8 17. Qf2 Ng5 18. h4 Bxf5 19. Bxf5 Ne6 20. Rd1 Qb6 21. e4
dxe4 22. fxe4 Rad8 23. e5 Nd5 24. Nxd5 cxd5 25. Bb1 Nf8 26. Qxf7+ Kh8 27. Rd2
Qe6 28. Qf3 Qe7 29. Qd3 g6 30. h5 Rd7 31. hxg6 Qg5 32. Rdf2 Kg7 33. Rf7+ Rxf7
34. Rxf7+ Kg8 35. Rf1 Ne6 36. Qf3 Rf8 37. Bf5 Kg7 38. Qxd5 Qxg2+ 39. Kxg2 1-0

[Event "Titled Tue 24th Jun Early"]
[Site "chess.com INT"]
[Date "2025.06.24"]
[Round "10"]
[White "Dubnevych, Maksym"]
[Black "Toktomushev, Teimur"]
[Result "1-0"]
[WhiteTitle "FM"]
[BlackTitle "FM"]
[WhiteElo "2296"]
[BlackElo "2390"]
[WhiteFideId "14184001"]
[BlackFideId "14176726"]
[EventDate "2025.06.24"]

1. Nc3 c5 2. e4 e6 3. d4 cxd4 4. Qxd4 Nc6 5. Qe3 Nf6 6. Nf3 Qc7 7. h3 d6 8. Bd2
Be7 9. O-O-O O-O 10. Kb1 a6 11. g4 b5 12. g5 Nd7 13. Bg2 Nb6 14. b3 b4 15. Ne2
a5 16. Nfd4 Nxd4 17. Nxd4 Bd7 18. Qd3 Rfc8 19. f4 a4 20. Bxb4 axb3 21. cxb3 Qa7
22. Rd2 Rab8 23. Rb2 Nd5 24. Bd2 Nb4 25. Qe3 d5 26. exd5 Bc5 27. Bc3 Nxd5 28.
Bxd5 exd5 29. Rd1 Bf5+ 30. Ka1 Be4 31. Re2 Bb6 32. Qd2 Rc7 33. Qb2 Qa6 34. Rxe4
dxe4 35. Nf5 Rbc8 36. Bxg7 h6 37. Bf8 Kh7 38. Qg7# 1-0

[Event "Titled Tue 24th Jun Early"]
[Site "chess.com INT"]
[Date "2025.06.24"]
[Round "10"]
[White "Tang, Andrew"]
[Black "Pranesh, M"]
[Result "1-0"]
[WhiteTitle "GM"]
[BlackTitle "GM"]
[WhiteElo "2529"]
[BlackElo "2580"]
[WhiteFideId "2059630"]
[BlackFideId "35028600"]
[EventDate "2025.06.24"]

1. d4 Nf6 2. c4 b6 3. Nc3 Bb7 4. Qc2 g6 5. e4 d6 6. Nge2 Bg7 7. f3 O-O 8. Bg5 h6
9. Be3 e5 10. d5 a5 11. Qd2 Kh7 12. g4 Na6 13. Ng3 Ng8 14. h4 Ne7 15. Bd3 Bc8
16. O-O-O a4 17. Nxa4 Bd7 18. Nc3 Nc5 19. Bb1 Qc8 20. h5 g5 21. b4 Na4 22. Nxa4
Rxa4 23. Qc3 Qa6 24. Kb2 Ra8 25. Rd3 Rxa2+ 26. Bxa2 Qxa2+ 27. Kc1 Qg2 28. Rg1
Qxf3 29. Bxg5 Ra1+ 30. Qxa1 Qxd3 31. Bxe7 Qe3+ 32. Kc2 Qf2+ 33. Kb3 Qe3+ 34. Kc2
Qf2+ 35. Kd3 Qf3+ 36. Kd2 Qf4+ 37. Ke1 Bxg4 38. Qc3 f6 39. Qd2 Qf3 40. Nf1 Qxe4+
41. Qe3 Qxc4 42. Nd2 Qxb4 43. Qe4+ Qxe4+ 44. Nxe4 f5 45. Nf6+ Bxf6 46. Bxf6 Kg8
47. Bd8 Kf7 48. Bxc7 Ke7 49. Bxb6 Bxh5 50. Rg7+ Kf6 51. Rd7 e4 52. Bd4+ Kg5 53.
Rxd6 f4 54. Rf6 e3 55. Rf8 Bg4 56. d6 Bd7 57. Rf7 Bc8 58. Bc5 Kg4 59. d7 Bxd7
60. Rxd7 h5 61. Rg7+ Kf3 62. Rf7 h4 63. Bd6 h3 64. Rxf4+ Kg2 65. Rh4 e2 66. Kxe2
Kh1 67. Rxh3+ Kg1 68. Rg3+ Kh1 69. Kf2 Kh2 70. Rf3+ Kh1 71. Rh3# 1-0

[Event "Titled Tue 24th Jun Early"]
[Site "chess.com INT"]
[Date "2025.06.24"]
[Round "10"]
[White "Brenke, Andreas"]
[Black "Li, Hui"]
[Result "1/2-1/2"]
[WhiteTitle "FM"]
[BlackTitle "CM"]
[WhiteElo "2349"]
[BlackElo "2041"]
[WhiteFideId "4602900"]
[BlackFideId "15400310"]
[EventDate "2025.06.24"]

1. d4 d5 2. c4 e6 3. Nc3 Nf6 4. cxd5 exd5 5. Bg5 c6 6. e3 Be7 7. Bd3 Nbd7 8.
Nge2 O-O 9. O-O Re8 10. a4 a5 11. f3 Nf8 12. Bh4 Bd6 13. h3 Ne6 14. Qd2 g6 15.
e4 dxe4 16. fxe4 Be7 17. e5 Nd5 18. Bxe7 Qxe7 19. Nxd5 cxd5 20. Rf6 Ng7 21. Nf4
Be6 22. Rf1 Qb4 23. Qf2 Rad8 24. Bb5 Rf8 25. Nxe6 fxe6 26. Rxf8+ Rxf8 27. Qxf8+
Qxf8 28. Rxf8+ Kxf8 29. g4 Ke7 30. Kf2 g5 31. Kf3 h6 32. Kg3 Ne8 33. Bxe8 Kxe8
34. Kf3 Ke7 35. Ke3 Kd7 36. Kd3 Kc6 37. Kc3 Kb6 38. b3 Kc6 39. Kd3 Kb6 40. Kc3
Kc6 41. Kd3 Kb6 42. Kc3 1/2-1/2

[Event "Titled Tue 24th Jun Early"]
[Site "chess.com INT"]
[Date "2025.06.24"]
[Round "10"]
[White "Shuvalova, Polina"]
[Black "Klukin, Kirill"]
[Result "0-1"]
[WhiteTitle "IM"]
[BlackTitle "IM"]
[WhiteElo "2480"]
[BlackElo "2401"]
[WhiteFideId "24171760"]
[BlackFideId "24199273"]
[EventDate "2025.06.24"]

1. e4 e6 2. d4 d5 3. Nd2 c5 4. exd5 Qxd5 5. Ngf3 cxd4 6. Bc4 Qd6 7. O-O Nf6 8.
Nb3 Nc6 9. Nbxd4 Nxd4 10. Nxd4 Be7 11. Re1 O-O 12. c3 Qc7 13. Bd3 Bd7 14. Bg5
Rfd8 15. Qf3 Be8 16. Rad1 Rd5 17. Bf4 Bd6 18. Bxd6 Qxd6 19. Bc4 Re5 20. Qxb7
Rxe1+ 21. Rxe1 Rb8 22. Qxa7 Rxb2 23. h3 h6 24. Bb3 Qf4 25. Nf3 Bc6 26. Ne5 Be8
27. Qe3 Qxe3 28. Rxe3 Kf8 29. c4 Ke7 30. Re1 Nd7 31. Nxd7 Bxd7 32. Rd1 Bc6 33.
Kf1 g5 34. c5 h5 35. g3 h4 36. gxh4 gxh4 37. Ke1 Bg2 38. Rd3 Be4 39. Rc3 Rb1+
40. Ke2 Bc6 41. Ke3 Rh1 42. Kf4 Rh2 43. Kg4 Rxf2 44. Kxh4 e5 45. Kg3 Rg2+ 46.
Kh4 f5 47. Rd3 f4 48. Rd6 Bd7 49. Rh6 Rg3 50. c6 Rxh3+ 51. Kg5 Rxh6 52. Kxh6
Bxc6 53. Kg5 Kd6 54. Bd1 Kc5 55. Bg4 Kd4 56. Kf5 Bd7+ 0-1

[Event "Titled Tue 24th Jun Early"]
[Site "chess.com INT"]
[Date "2025.06.24"]
[Round "10"]
[White "Goryachkina, Aleksandra"]
[Black "Steinberg, Nitzan"]
[Result "0-1"]
[WhiteTitle "GM"]
[BlackTitle "GM"]
[WhiteElo "2533"]
[BlackElo "2554"]
[WhiteFideId "4147103"]
[BlackFideId "2801795"]
[EventDate "2025.06.24"]

1. e4 e5 2. Nf3 Nc6 3. Bb5 a6 4. Ba4 Nf6 5. O-O Be7 6. d3 b5 7. Bb3 d6 8. c3 O-O
9. h3 h6 10. Nbd2 Re8 11. Re1 Bf8 12. d4 Bb7 13. Bc2 Qd7 14. b3 a5 15. d5 Nb8
16. c4 c6 17. Nf1 Na6 18. Ng3 Nc5 19. Be3 bxc4 20. bxc4 Ba6 21. Bxc5 dxc5 22.
Ba4 Bb7 23. Rb1 Rac8 24. Rb6 Ba8 25. dxc6 Qc7 26. Qb3 g6 27. Rb1 Red8 28. Qc3 h5
29. Qxa5 Bh6 30. Ra6 Qxa5 31. Rxa5 Bf4 32. Ne2 Nxe4 33. Nxf4 exf4 34. Ra7 Nc3
35. Rbb7 Bxb7 36. cxb7 Rb8 37. Bc6 f6 38. a4 Kf8 39. a5 Ke7 40. a6 Kd6 41. Bb5
Kc7 0-1

[Event "Titled Tue 24th Jun Early"]
[Site "chess.com INT"]
[Date "2025.06.24"]
[Round "10"]
[White "Sarveshwaran V"]
[Black "Predein, Vladimir"]
[Result "1-0"]
[WhiteTitle "CM"]
[BlackTitle "IM"]
[WhiteElo "2290"]
[BlackElo "2373"]
[WhiteFideId "25699016"]
[BlackFideId "4117786"]
[EventDate "2025.06.24"]

1. e4 c5 2. Nf3 d6 3. d4 cxd4 4. Nxd4 Nf6 5. Nc3 g6 6. Be2 Bg7 7. Be3 O-O 8. h4
Nc6 9. Nxc6 bxc6 10. h5 Rb8 11. h6 Bh8 12. Rb1 Qa5 13. f3 d5 14. e5 Nd7 15. f4
f6 16. exf6 Nxf6 17. O-O Bf5 18. Bd4 Rb4 19. Be5 Qb6+ 20. Kh2 d4 21. a3 Rxb2 22.
Rxb2 Qxb2 23. Bxd4 Qxa3 24. Be5 Qc5 25. g4 Be6 26. g5 Nd5 27. Ne4 Qe3 28. Bxh8
Qxe4 29. Bd3 Qb4 30. Qa1 Qd2+ 31. Kh1 Nf6 32. Be4 Kxh8 33. gxf6 Rxf6 34. Qxa7
Qd8 35. Rb1 Rf8 36. Qa1+ Rf6 37. Qe5 Bc8 38. Bf3 Kg8 39. Rd1 Rd6 40. Qg7# 1-0

[Event "Titled Tue 24th Jun Early"]
[Site "chess.com INT"]
[Date "2025.06.24"]
[Round "10"]
[White "Zlatin, Alexander"]
[Black "Sturt, Raven"]
[Result "0-1"]
[WhiteTitle "FM"]
[BlackTitle "GM"]
[WhiteElo "2313"]
[BlackElo "2459"]
[WhiteFideId "2810549"]
[BlackFideId "2007304"]
[EventDate "2025.06.24"]

1. e4 e5 2. Nf3 Nc6 3. Bc4 Nf6 4. d3 Be7 5. c3 O-O 6. Bb3 d5 7. Qe2 a5 8. a4 Be6
9. Bc2 h6 10. h3 Bd6 11. g4 Nh7 12. Nbd2 Ne7 13. d4 exd4 14. Nxd4 Bc8 15. e5 Bc5
16. N2b3 Bxd4 17. Nxd4 c5 18. Nb5 Nc6 19. Bf4 Ng5 20. O-O-O Ne6 21. Qd3 g6 22.
Bxh6 Re8 23. f4 Qh4 24. Nd6 Bd7 25. Nxe8 Bxe8 26. Bg5 Nxg5 27. fxg5 Qxg5+ 28.
Kb1 Nxe5 29. Qxd5 Bc6 30. Qxc5 b6 31. Qd6 Bxh1 32. Rxh1 Rd8 33. Qxb6 Nc4 34. Qb5
Qf4 35. Qa6 Rb8 36. b3 Na3+ 37. Kb2 Nxc2 38. Kxc2 Qf2+ 39. Kd3 Rd8+ 40. Kc4 Qe2+
41. Kc5 Qxa6 42. Rd1 Rc8+ 43. Kd4 Rd8+ 44. Ke3 Rxd1 45. Kf4 Qf6+ 0-1

[Event "Titled Tue 24th Jun Early"]
[Site "chess.com INT"]
[Date "2025.06.24"]
[Round "10"]
[White "Pontes, Luiz Felizola Lima"]
[Black "Carroll, Thomas"]
[Result "0-1"]
[WhiteElo "2062"]
[BlackElo "2131"]
[WhiteFideId "44709919"]
[BlackFideId "450111"]
[EventDate "2025.06.24"]

1. e4 Nf6 2. e5 Nd5 3. d4 d6 4. c4 Nb6 5. exd6 cxd6 6. Nc3 g6 7. Nf3 Bg7 8. Be3
Bg4 9. Be2 Bxf3 10. Bxf3 Nc6 11. O-O Nxc4 12. Bxc6+ bxc6 13. Qa4 Nb6 14. Qxc6+
Qd7 15. d5 Qxc6 16. dxc6 Bxc3 17. bxc3 Rc8 18. Bxb6 axb6 19. Rab1 Rxc6 20. Rb3
Kd7 21. Rfb1 Kc7 22. g3 Ra8 23. R1b2 Ra4 24. f3 Rac4 25. Rc2 d5 26. Re2 e6 27.
Re3 h5 28. Kf2 d4 29. cxd4 Rc2+ 30. Re2 Rxe2+ 31. Kxe2 Rc2+ 32. Kd3 Rxh2 33. a4
Rg2 34. Ke4 Rxg3 35. Ke5 Rg5+ 36. Kf6 Rf5+ 37. Ke7 h4 38. Rc3+ Kb7 39. a5 bxa5
40. Rb3+ Kc6 41. Rc3+ Kb5 42. Rc5+ Rxc5 43. dxc5 Kxc5 44. Kxf7 Kd5 45. Kxg6 h3
46. Kg5 h2 47. f4 h1=N 48. f5 exf5 49. Kf4 Kd4 50. Kxf5 a4 51. Kf4 a3 52. Kf3 a2
53. Kg2 Ke3 54. Kxh1 a1=Q+ 55. Kg2 Qe1 56. Kh2 Kf3 57. Kh3 Qh1# 0-1

[Event "Titled Tue 24th Jun Early"]
[Site "chess.com INT"]
[Date "2025.06.24"]
[Round "10"]
[White "Moussard, Jules"]
[Black "Donchenko, Alexander"]
[Result "0-1"]
[WhiteTitle "GM"]
[BlackTitle "GM"]
[WhiteElo "2597"]
[BlackElo "2613"]
[WhiteFideId "642908"]
[BlackFideId "24603295"]
[EventDate "2025.06.24"]

1. g3 c5 2. Bg2 Nc6 3. f4 g6 4. Nf3 Bg7 5. O-O e6 6. e4 Nge7 7. d3 O-O 8. c3 d5
9. Be3 b6 10. e5 Ba6 11. Bf2 Rc8 12. a4 d4 13. c4 Nb4 14. Ng5 Nf5 15. Ne4 Bb7
16. Nf6+ Bxf6 17. Bxb7 Rb8 18. Be4 Bg7 19. Na3 Ne3 20. Bxe3 dxe3 21. Qe2 f5 22.
exf6 Bxf6 23. Rae1 Qd7 24. b3 Rbd8 25. Rd1 Bd4 26. Kg2 a6 27. h4 e5 28. fxe5
Rxf1 29. Rxf1 Rf8 30. Rxf8+ Kxf8 31. h5 Qe6 32. Qf3+ Ke7 33. hxg6 hxg6 34. Qf4
Kd7 35. Bf3 Qxe5 36. Qg4+ Qe6 37. Qxe6+ Kxe6 38. Be2 Kf5 39. Kf3 Na2 40. Nc2 Nc1
41. Bf1 Nxb3 0-1

[Event "Titled Tue 24th Jun Early"]
[Site "chess.com INT"]
[Date "2025.06.24"]
[Round "10"]
[White "Mummana Venkata Ruthvik"]
[Black "Kjaergaard-Jensen, Jesper"]
[Result "1-0"]
[WhiteTitle "CM"]
[BlackTitle "CM"]
[WhiteElo "2237"]
[BlackElo "2081"]
[WhiteFideId "25697307"]
[BlackFideId "1406990"]
[EventDate "2025.06.24"]

1. Nf3 Nf6 2. g3 d5 3. Bg2 c6 4. O-O Bg4 5. d4 Qc8 6. b3 Bh3 7. c4 Bxg2 8. Kxg2
h5 9. h4 Ne4 10. Nbd2 f5 11. Bb2 Nd7 12. Rc1 Ndf6 13. cxd5 Nxd5 14. Nxe4 fxe4
15. Ng5 Qf5 16. Qc2 Nf6 17. Qc4 Qd5 18. Ne6 Kd7 19. Nf4 Qxc4 20. bxc4 e6 21.
Rfd1 Bd6 22. Ng6 Rhe8 23. Ne5+ Kc7 24. Nf7 Bf8 25. Ng5 Rad8 26. e3 Ng4 27. Nxe4
Bb4 28. Rc2 Rf8 29. Ng5 Rde8 30. Re2 g6 31. d5 exd5 32. cxd5 c5 33. Ne6+ Kd6 34.
Nxf8 Rxf8 35. e4 c4 36. e5+ Kc5 37. f3 Nh6 38. d6 Nf5 39. d7 Kc6 40. d8=Q Rxd8
41. Rxd8 c3 42. Bc1 Be7 43. Rc8+ Kd5 44. Rxc3 Kd4 45. Rcc2 Bb4 46. Bb2+ Kd5 47.
g4 hxg4 48. fxg4 Nxh4+ 49. Kg3 g5 50. e6 Be7 51. Rcd2+ Kc6 52. Rd7 Ng6 53. Rxe7
Nxe7 54. Bf6 Nd5 55. e7 Nxf6 56. e8=Q+ Nxe8 57. Rxe8 b5 58. Rg8 a5 59. Rxg5 Kb6
60. Rf5 b4 61. Rf2 a4 62. g5 Kc5 63. g6 Kc4 64. g7 b3 65. g8=Q+ Kc3 66. axb3 a3
67. Qc4# 1-0

[Event "Titled Tue 24th Jun Early"]
[Site "chess.com INT"]
[Date "2025.06.24"]
[Round "10"]
[White "Krzywda, Andrzej"]
[Black "Roebers, Jan"]
[Result "1-0"]
[WhiteTitle "CM"]
[BlackTitle "FM"]
[WhiteElo "2175"]
[BlackElo "2056"]
[WhiteFideId "1114565"]
[BlackFideId "1007815"]
[EventDate "2025.06.24"]

1. Nf3 Nf6 2. e3 g6 3. b4 Bg7 4. Bb2 O-O 5. Be2 d6 6. d4 a5 7. a3 axb4 8. axb4
Rxa1 9. Bxa1 c5 10. bxc5 dxc5 11. O-O cxd4 12. Qxd4 Nc6 13. Qxd8 Rxd8 14. Rd1
Rxd1+ 15. Bxd1 Ne4 16. Bxg7 Kxg7 17. Nfd2 Bf5 18. Nxe4 Bxe4 19. Nd2 Bd5 20. e4
Be6 21. f4 Nd4 22. Kf2 Bd7 23. Ke3 Nc6 24. Nc4 Kf6 25. e5+ Kg7 26. Bf3 Kf8 27.
Nb6 Bf5 28. Be4 Bxe4 29. Kxe4 Ke8 30. g4 Kd8 31. h4 Nb4 32. c3 Na6 33. Kd4 Nc7
34. f5 Nb5+ 35. Kc4 Nc7 36. h5 gxh5 37. gxh5 h6 38. Kc5 Ne8 39. Nd5 Ng7 40. f6
exf6 41. Nxf6 Kc7 42. c4 b6+ 43. Kd5 Ne6 44. Ng4 1-0

[Event "Titled Tue 24th Jun Early"]
[Site "chess.com INT"]
[Date "2025.06.24"]
[Round "10"]
[White "Troltenier, Dirk"]
[Black "Nazin, Roman"]
[Result "0-1"]
[WhiteTitle "FM"]
[BlackTitle "CM"]
[WhiteElo "2174"]
[BlackElo "2250"]
[WhiteFideId "4606400"]
[BlackFideId "4137167"]
[EventDate "2025.06.24"]

1. e4 e6 2. d4 d5 3. Nd2 a6 4. Bd3 c5 5. Ngf3 Nc6 6. exd5 exd5 7. dxc5 Bxc5 8.
O-O Nf6 9. Nb3 Bb6 10. Re1+ Be6 11. c3 O-O 12. Be3 Re8 13. Nbd4 Bg4 14. h3 Bxf3
15. Nxf3 Bxe3 16. Rxe3 Rxe3 17. fxe3 Qb6 18. Qd2 Re8 19. Re1 Ne5 20. Nd4 Nxd3
21. Qxd3 Qxb2 22. Rb1 Qxa2 23. Rxb7 Qc4 24. Qxc4 dxc4 25. Rc7 Rxe3 26. Rxc4 g6
27. Rc6 Ne4 28. Rxa6 Rxc3 29. Nf3 f5 30. Ra7 f4 31. Ra1 Rc2 32. Nd4 Rd2 33. Ne6
g5 34. Re1 Ng3 35. Nxg5 Ne2+ 36. Kh2 Ng3 37. Nf3 Rb2 38. Rd1 Kg7 39. Rd2 Rb1 40.
Ng1 Nf1+ 0-1

[Event "Titled Tue 24th Jun Early"]
[Site "chess.com INT"]
[Date "2025.06.24"]
[Round "10"]
[White "Asensio Ramos, Enrique Fernando"]
[Black "Devaev, Alexander"]
[Result "0-1"]
[WhiteTitle "CM"]
[BlackTitle "FM"]
[WhiteElo "2200"]
[BlackElo "2306"]
[WhiteFideId "2214172"]
[BlackFideId "4169395"]
[EventDate "2025.06.24"]

1. d4 Nf6 2. Nc3 e6 3. Bf4 d5 4. Nb5 Na6 5. e3 Be7 6. h4 c6 7. Nc3 Bb4 8. Bd3
Nc7 9. Nf3 Nb5 10. O-O Nxc3 11. bxc3 Bxc3 12. Rb1 O-O 13. Ne5 Ba5 14. Qf3 Nd7
15. Qg3 Nxe5 16. dxe5 f5 17. exf6 Qxf6 18. Be5 Qf7 19. h5 Bd8 20. h6 Bf6 21. Bd6
Re8 22. f4 Kh8 23. Be5 Rg8 24. Qh3 b5 25. Rf3 g6 26. Qh4 Rf8 27. Qg5 Bd7 28. g4
Qe7 29. Qh4 Kg8 30. Bxf6 Qxf6 31. g5 Qe7 32. Rbf1 Qc5 33. Kh2 Rf7 34. Kg3 Raf8
35. R1f2 Qd6 36. Kg2 c5 37. c3 a5 38. Bb1 b4 39. cxb4 axb4 40. e4 d4 41. e5 Qd5
42. Kg3 Bc6 43. Rg2 Qxf3+ 44. Kh2 Qxg2# 0-1

[Event "Titled Tue 24th Jun Early"]
[Site "chess.com INT"]
[Date "2025.06.24"]
[Round "10"]
[White "Carlsen, Magnus"]
[Black "Kollars, Dmitrij"]
[Result "1-0"]
[WhiteTitle "GM"]
[BlackTitle "GM"]
[WhiteElo "2837"]
[BlackElo "2633"]
[WhiteFideId "1503014"]
[BlackFideId "12909572"]
[EventDate "2025.06.24"]

1. c4 e5 2. g3 c6 3. Nf3 e4 4. Nd4 d5 5. cxd5 Qxd5 6. e3 Nf6 7. Nc3 Qe5 8. Bg2
Bc5 9. d3 exd3 10. O-O O-O 11. Qxd3 Nbd7 12. Rd1 Qh5 13. Qe2 Qxe2 14. Ndxe2 Ne5
15. b3 Bg4 16. h3 Bf3 17. Bxf3 Nxf3+ 18. Kg2 Ng5 19. Bb2 Rfd8 20. g4 Ne6 21. Ng3
g6 22. Nce4 Nxe4 23. Nxe4 Be7 24. Nf6+ Bxf6 25. Bxf6 Re8 26. Rac1 Nf8 27. Rc4
Re6 28. g5 h6 29. h4 Nh7 30. Bd8 hxg5 31. hxg5 Re5 32. Rcd4 Kf8 33. e4 Ke8 34.
f4 Re6 35. Kf3 f6 36. gxf6 c5 37. Rd6 Nf8 38. Be7 Rxd6 39. Rxd6 Kf7 40. Bxf8
Rxf8 41. e5 b5 42. Rc6 c4 43. bxc4 b4 44. Ke4 Rb8 45. Rc7+ 1-0

[Event "Titled Tue 24th Jun Early"]
[Site "chess.com INT"]
[Date "2025.06.24"]
[Round "10"]
[White "Zaksaite, Salomeja"]
[Black "Gunawardhana, Devindya Oshini"]
[Result "1-0"]
[WhiteTitle "WGM"]
[BlackTitle "WIM"]
[WhiteElo "2133"]
[BlackElo "2121"]
[WhiteFideId "12801496"]
[BlackFideId "29941482"]
[EventDate "2025.06.24"]

1. e4 e5 2. Nf3 Nc6 3. Nc3 Nf6 4. Bb5 Bd6 5. d3 a6 6. Bc4 Na5 7. O-O Nxc4 8.
dxc4 b6 9. Bg5 h6 10. Bh4 Bb7 11. Nd5 Bxd5 12. exd5 O-O 13. Re1 Re8 14. Nd2 c6
15. Qf3 cxd5 16. cxd5 g5 17. Bg3 Rc8 18. c4 Kg7 19. b3 h5 20. h4 g4 21. Qf5 Ng8
22. Ne4 Bf8 23. Bxe5+ f6 24. Qg5+ Kf7 25. Qxh5+ Kg7 26. Qxg4+ Kh7 27. Qf5+ Kg7
28. Qg5+ Kf7 29. Qh5+ Kg7 30. Bc3 b5 31. Ng5 Nh6 32. Ne4 Rxe4 33. Rxe4 bxc4 34.
bxc4 Qb6 35. Rae1 Qd6 36. Qg5+ Kf7 37. Qh5+ Kg8 38. R1e3 Bg7 39. Rg3 Kh7 40.
Qg6+ Kh8 41. Qxg7# 1-0

[Event "Titled Tue 24th Jun Early"]
[Site "chess.com INT"]
[Date "2025.06.24"]
[Round "10"]
[White "Radchenko, Alexey"]
[Black "Guliev, Gasan"]
[Result "1-0"]
[WhiteTitle "FM"]
[BlackTitle "CM"]
[WhiteElo "2290"]
[BlackElo "2123"]
[WhiteFideId "4192362"]
[BlackFideId "34165638"]
[EventDate "2025.06.24"]

1. d4 d5 2. c4 c6 3. Nc3 e6 4. Nf3 dxc4 5. e3 b5 6. a4 Bb4 7. Ne5 Nf6 8. Be2 O-O
9. O-O Qb6 10. Bf3 Bb7 11. Ne4 Nxe4 12. Bxe4 a5 13. f4 f5 14. Bc2 Rd8 15. Qh5
Qc7 16. g4 g6 17. Qh4 Qe7 18. Qh3 bxa4 19. Nxc4 c5 20. gxf5 exf5 21. Ne5 cxd4
22. exd4 Nc6 23. Bxa4 Nxd4 24. Be3 Ne2+ 25. Kf2 Nd4 26. Rad1 Ne6 27. Rg1 Rxd1
28. Bxd1 Nc5 29. Qxf5 Be4 30. Bb3+ Nxb3 31. Qxe4 Rf8 32. Qd5+ Kg7 33. Rd1 Bc5
34. Qe4 Qh4+ 35. Kg2 Bxe3 36. Rd7+ Kh6 37. Qxe3 Qxf4 38. Qh3+ Kg5 39. Nf3+ Kf6
40. Qxh7 Qg4+ 41. Kf2 1-0

[Event "Titled Tue 24th Jun Early"]
[Site "chess.com INT"]
[Date "2025.06.24"]
[Round "10"]
[White "Terkiewicz, Bruno"]
[Black "Lohia, Sohum"]
[Result "0-1"]
[WhiteTitle "CM"]
[BlackTitle "FM"]
[WhiteElo "2183"]
[BlackElo "2364"]
[WhiteFideId "21093245"]
[BlackFideId "5819369"]
[EventDate "2025.06.24"]

1. e4 e5 2. Nf3 Nc6 3. Bb5 a6 4. Ba4 Nge7 5. O-O Ng6 6. d4 exd4 7. Nxd4 Nxd4 8.
Qxd4 b5 9. Bb3 Bb7 10. c4 c5 11. Qe3 b4 12. Ba4 Qc7 13. Rd1 Rd8 14. b3 Bd6 15.
Rxd6 Qxd6 16. Bb2 O-O 17. Nd2 Qe7 18. g3 d6 19. h4 f5 20. h5 Ne5 21. exf5 Rxf5
22. Re1 Nf3+ 23. Nxf3 Qxe3 24. Rxe3 Rxf3 25. Re7 Rf7 26. Re1 Rdf8 27. f4 d5 28.
cxd5 Bxd5 29. Be5 Rd8 30. Rd1 Rff8 31. Bc7 Rc8 32. Bd6 Bf3 33. Rf1 Bxh5 34. Bxf8
Kxf8 35. Re1 Bf7 36. Bd7 Rd8 37. Bf5 h6 38. Re5 Rd5 39. Rxd5 Bxd5 40. Bd3 a5 41.
Kf2 Ke7 42. Ke3 Kd6 43. g4 Bf7 44. f5 c4 45. bxc4 Kc5 46. Kf4 Bxc4 47. Bb1 Kd6
48. g5 h5 49. g6 Ke7 50. Kg5 Be2 51. Bc2 Bf3 52. Bb3 Be2 53. Bc2 Bc4 54. Bb1 a4
55. Kxh5 Kf6 56. Kg4 b3 57. axb3 Bxb3 58. Kf4 a3 59. Ke4 a2 60. Bxa2 Bxa2 61.
Kf4 Bb1 62. Kg4 Bxf5+ 63. Kf4 Bxg6 0-1

[Event "Titled Tue 24th Jun Early"]
[Site "chess.com INT"]
[Date "2025.06.24"]
[Round "10"]
[White "Shuvalov, Evgenij"]
[Black "Zou, Chen"]
[Result "0-1"]
[BlackTitle "IM"]
[WhiteElo "1986"]
[BlackElo "2443"]
[WhiteFideId "4187237"]
[BlackFideId "8610959"]
[EventDate "2025.06.24"]

1. d4 Nf6 2. c4 e6 3. Nf3 d5 4. Nc3 Be7 5. Bf4 O-O 6. e3 c5 7. dxc5 Bxc5 8. a3
Nc6 9. Qc2 Qa5 10. Nd2 Qd8 11. cxd5 exd5 12. Bd3 h6 13. O-O Be6 14. Rfd1 Rc8 15.
Nf3 Be7 16. Qe2 a6 17. h3 Qb6 18. Rac1 Qa7 19. Bb1 Rfd8 20. Nd4 Nxd4 21. exd4
Rc4 22. Qd3 b5 23. Be5 Rdc8 24. Re1 Kf8 25. Qg3 Qd7 26. Rcd1 b4 27. axb4 Rxb4
28. Re2 a5 29. Rde1 a4 30. Ba2 Qb7 31. Bd6 Rxd4 32. Rxe6 fxe6 33. Rxe6 Bxd6 34.
Qxd6+ Kg8 35. Qe5 Qxb2 36. Qxd4 Qxc3 37. Qxc3 Rxc3 38. Re2 Kf7 39. Rd2 Ke6 40.
Rb2 a3 41. Re2+ Kd6 42. Rd2 Kc5 43. f3 d4 44. Kf2 Nd5 45. Bxd5 Kxd5 46. Ra2 Kc4
47. Kg3 Kb3 48. Rd2 a2 49. Rd1 d3 50. Kg4 Kb2 0-1

[Event "Titled Tue 24th Jun Early"]
[Site "chess.com INT"]
[Date "2025.06.24"]
[Round "10"]
[White "Sabatier, Mathis"]
[Black "Leiva, Gianmarco"]
[Result "0-1"]
[WhiteTitle "CM"]
[BlackTitle "IM"]
[WhiteElo "2235"]
[BlackElo "2387"]
[WhiteFideId "26029685"]
[BlackFideId "3804399"]
[EventDate "2025.06.24"]

1. d4 d5 2. c4 e6 3. Nc3 a6 4. cxd5 exd5 5. Nf3 c6 6. g3 Bd6 7. Bg2 Bf5 8. O-O
Nf6 9. Nd2 O-O 10. e4 dxe4 11. Ndxe4 Nxe4 12. Nxe4 Be7 13. Nc5 Bxc5 14. dxc5 Nd7
15. Be3 Qa5 16. Qd4 h6 17. b4 Qa3 18. Bc1 Qd3 19. Qh4 Qc3 20. Bf4 Qxb4 21. Qh5
Be6 22. Rab1 Qc4 23. Rxb7 Nf6 24. Qh4 Nd5 25. Rc1 Qxa2 26. Be5 Qe2 27. Ba1 Qg4
28. Qxg4 Bxg4 29. Be5 Be6 30. Bd6 Rfe8 31. f4 a5 32. Ra1 a4 33. Be4 g6 34. Bc2
a3 35. Be5 a2 36. Bb3 Ne3 37. Bxe6 Rxe6 38. Rb2 f6 39. Bd4 Nf5 40. Bc3 Re3 41.
Bxf6 Rea3 42. Rd2 Kf7 43. Be5 Ne7 44. Rd7 Ke6 45. Bd6 Kxd7 46. Bxe7 Kxe7 0-1

[Event "Titled Tue 24th Jun Early"]
[Site "chess.com INT"]
[Date "2025.06.24"]
[Round "10"]
[White "Smietanska, Wiktoria"]
[Black "Jasinski, Alexander"]
[Result "1-0"]
[WhiteTitle "CM"]
[WhiteElo "2238"]
[BlackElo "1989"]
[WhiteFideId "21869359"]
[BlackFideId "55627994"]
[EventDate "2025.06.24"]

1. c4 Nf6 2. Nc3 g6 3. g3 Bg7 4. Bg2 O-O 5. e4 d6 6. Nge2 c5 7. d3 Nc6 8. O-O
Ne8 9. Be3 Nd4 10. Rb1 Nc7 11. f4 Nce6 12. f5 Nxe2+ 13. Qxe2 Nd4 14. Bxd4 Bxd4+
15. Kh1 a6 16. Qf3 Rb8 17. Ne2 Bg7 18. b4 cxb4 19. Rxb4 b5 20. Rfb1 Bd7 21. cxb5
axb5 22. a4 Qa5 23. d4 Rfc8 24. Nc3 Qa7 25. Nd5 Bc6 26. axb5 Bxd5 27. exd5 Bxd4
28. fxg6 hxg6 29. Rf1 Bf6 30. g4 Qa5 31. Rb3 Qd2 32. b6 Rc2 33. b7 Kg7 34. h4
Rh8 35. h5 Rb8 36. Re3 Rxb7 37. g5 Qd4 38. gxf6+ exf6 39. hxg6 Rbb2 40. Re4 Qxd5
41. Qxf6+ Kh6 42. gxf7+ Kh5 43. Rh4# 1-0